[Event "DVM U20 2020"]
[Site "Willingen GER"]
[Date "2021.06.26"]
[Round "5"]
[White "Glinzner, Alva"]
[Black "Gallas, Noel"]
[Result "1/2-1/2"]
[Termination "normal"]
[Board "5.5"]
[WhiteElo "1855"]
[BlackElo "1886"]
[WhiteClock "00:00:38"]
[BlackClock "00:01:01"]
[WhiteTeam "Lübecker SV von 1873"]
[BlackTeam "Schachfreunde Essen-Katernberg"]
[PlyCount "68"]
[WhiteFideId "16206169"]
[BlackFideId "16216059"]
[EventCountry "GER"]
[EventRounds "7"]
[EventType "team-swiss"]
[EventDate "2021.06.23"]

1. e4 {[%clk 01:30:53]} {[%emt 00:00:07]} e6 {[%clk 01:30:25]} {[%emt
00:00:35]} 2. d4 {[%clk 01:31:11]} {[%emt 00:00:12]} d5 {[%clk 01:30:42]}
{[%emt 00:00:12]} 3. exd5 {[%clk 01:30:58]} {[%emt 00:00:44]} exd5 {[%clk
01:31:03]} {[%emt 00:00:10]} 4. Bd3 {[%clk 01:31:01]} {[%emt 00:00:27]} Bd6
{[%clk 01:26:54]} {[%emt 00:04:39]} 5. Nf3 {[%clk 01:30:38]} {[%emt 00:00:54]}
Nc6 {[%clk 01:22:28]} {[%emt 00:04:55]} 6. O-O {[%clk 01:28:09]} {[%emt
00:03:00]} Nge7 {[%clk 01:16:48]} {[%emt 00:06:09]} 7. c3 {[%clk 01:25:59]}
{[%emt 00:02:41]} Bg4 {[%clk 01:14:34]} {[%emt 00:02:43]} 8. Nbd2 {[%clk
01:22:33]} {[%emt 00:03:56]} Qd7 {[%clk 01:11:50]} {[%emt 00:03:13]} 9. Qc2
{[%clk 01:19:41]} {[%emt 00:03:23]} O-O-O {[%clk 01:07:13]} {[%emt 00:05:06]}
10. b4 {[%clk 01:12:03]} {[%emt 00:08:10]} Rdf8 {[%clk 00:44:55]} {[%emt
00:22:47]} 11. b5 {[%clk 00:52:11]} {[%emt 00:20:23]} Nd8 {[%clk 00:44:46]}
{[%emt 00:00:38]} 12. Qa4 {[%clk 00:45:51]} {[%emt 00:06:50]} Kb8 {[%clk
00:44:40]} {[%emt 00:00:36]} 13. Ba3 {[%clk 00:41:28]} {[%emt 00:04:54]} Bxf3
{[%clk 00:36:18]} {[%emt 00:08:51]} 14. Nxf3 {[%clk 00:40:53]} {[%emt
00:01:05]} Bxa3 {[%clk 00:36:15]} {[%emt 00:00:34]} 15. Qxa3 {[%clk 00:41:21]}
{[%emt 00:00:02]} f6 {[%clk 00:36:26]} {[%emt 00:00:18]} 16. Nd2 {[%clk
00:29:34]} {[%emt 00:12:18]} Ne6 {[%clk 00:30:28]} {[%emt 00:06:27]} 17. g3
{[%clk 00:10:08]} {[%emt 00:19:58]} h5 {[%clk 00:25:55]} {[%emt 00:05:02]} 18.
f4 {[%clk 00:06:20]} {[%emt 00:04:18]} h4 {[%clk 00:15:54]} {[%emt 00:10:31]}
19. g4 {[%clk 00:05:26]} {[%emt 00:01:24]} h3 {[%clk 00:13:28]} {[%emt
00:02:57]} 20. f5 {[%clk 00:04:53]} {[%emt 00:01:02]} Ng5 {[%clk 00:12:29]}
{[%emt 00:01:28]} 21. Rae1 {[%clk 00:04:11]} {[%emt 00:01:12]} Re8 {[%clk
00:11:25]} {[%emt 00:01:34]} 22. Qc1 {[%clk 00:01:27]} {[%emt 00:03:14]} g6
{[%clk 00:06:59]} {[%emt 00:04:56]} 23. Rf4 {[%clk 00:00:43]} {[%emt 00:01:15]}
gxf5 {[%clk 00:01:58]} {[%emt 00:05:30]} 24. gxf5 {[%clk 00:01:11]} {[%emt
00:00:02]} Reg8 {[%clk 00:01:44]} {[%emt 00:00:44]} 25. Kh1 {[%clk 00:00:59]}
{[%emt 00:00:42]} Nf7 {[%clk 00:01:26]} {[%emt 00:00:48]} 26. Rf2 {[%clk
00:00:36]} {[%emt 00:00:54]} Nd6 {[%clk 00:01:33]} {[%emt 00:00:22]} 27. Qb1
{[%clk 00:00:48]} {[%emt 00:00:18]} Rg7 {[%clk 00:00:51]} {[%emt 00:01:12]} 28.
Nf1 {[%clk 00:00:32]} {[%emt 00:00:47]} Rhg8 {[%clk 00:00:51]} {[%emt
00:00:29]} 29. Ng3 {[%clk 00:00:52]} {[%emt 00:00:10]} Rg5 {[%clk 00:00:54]}
{[%emt 00:00:27]} 30. Qc2 {[%clk 00:00:50]} {[%emt 00:00:32]} b6 {[%clk
00:00:47]} {[%emt 00:00:37]} 31. a4 {[%clk 00:00:57]} {[%emt 00:00:23]} Kb7
{[%clk 00:00:48]} {[%emt 00:00:30]} 32. Qb1 {[%clk 00:00:35]} {[%emt 00:00:52]}
Kb8 {[%clk 00:00:49]} {[%emt 00:00:29]} 33. Qc2 {[%clk 00:00:45]} {[%emt
00:00:20]} Kb7 {[%clk 00:00:44]} {[%emt 00:00:35]} 34. Qb1 {[%clk 00:00:38]}
{[%emt 00:00:37]} Kb8 {[%clk 00:01:01]} {[%emt 00:00:13]} 1/2-1/2

[Event "DVM U20 2020"]
[Site "Willingen GER"]
[Date "2021.06.26"]
[Round "5"]
[White "Wendler, David"]
[Black "Stelmaszyk, Nico"]
[Result "1-0"]
[Termination "normal"]
[Board "6.1"]
[BlackTitle "FM"]
[WhiteElo "2295"]
[BlackElo "2299"]
[WhiteClock "00:21:02"]
[BlackClock "00:37:03"]
[WhiteTeam "SK Bebenhausen 1992"]
[BlackTeam "SK Lehrte von 1919 e. V."]
[PlyCount "73"]
[WhiteFideId "12938360"]
[BlackFideId "16200462"]
[EventCountry "GER"]
[EventRounds "7"]
[EventType "team-swiss"]
[EventDate "2021.06.23"]

1. c4 {[%clk 01:30:48]} {[%emt 00:00:12]} c5 {[%clk 01:30:52]} {[%emt
00:00:07]} 2. g3 {[%clk 01:30:59]} {[%emt 00:00:19]} g6 {[%clk 01:31:18]}
{[%emt 00:00:04]} 3. Bg2 {[%clk 01:31:23]} {[%emt 00:00:06]} Bg7 {[%clk
01:31:44]} {[%emt 00:00:04]} 4. Nc3 {[%clk 01:31:32]} {[%emt 00:00:21]} Nc6
{[%clk 01:32:10]} {[%emt 00:00:04]} 5. e4 {[%clk 01:31:11]} {[%emt 00:00:51]}
e6 {[%clk 01:32:28]} {[%emt 00:00:12]} 6. Nge2 {[%clk 01:31:30]} {[%emt
00:00:11]} Nge7 {[%clk 01:32:43]} {[%emt 00:00:14]} 7. O-O {[%clk 01:31:43]}
{[%emt 00:00:17]} O-O {[%clk 01:33:07]} {[%emt 00:00:06]} 8. d3 {[%clk
01:31:45]} {[%emt 00:00:29]} d6 {[%clk 01:32:36]} {[%emt 00:01:01]} 9. Be3
{[%clk 01:29:55]} {[%emt 00:02:20]} Nd4 {[%clk 01:32:20]} {[%emt 00:00:46]} 10.
Rb1 {[%clk 01:29:22]} {[%emt 00:01:02]} Nec6 {[%clk 01:30:13]} {[%emt
00:02:37]} 11. a3 {[%clk 01:24:02]} {[%emt 00:05:51]} a5 {[%clk 01:26:54]}
{[%emt 00:03:49]} 12. f4 {[%clk 01:20:28]} {[%emt 00:04:04]} f5 {[%clk
01:24:38]} {[%emt 00:02:46]} 13. Kh1 {[%clk 01:16:39]} {[%emt 00:04:18]} Bd7
{[%clk 01:21:12]} {[%emt 00:03:56]} 14. Bg1 {[%clk 01:10:22]} {[%emt 00:06:48]}
Rb8 {[%clk 01:19:28]} {[%emt 00:02:13]} 15. Nxd4 {[%clk 01:03:37]} {[%emt
00:07:16]} Nxd4 {[%clk 01:17:44]} {[%emt 00:02:14]} 16. a4 {[%clk 00:57:25]}
{[%emt 00:06:41]} Bc6 {[%clk 01:10:55]} {[%emt 00:07:19]} 17. Nb5 {[%clk
00:56:25]} {[%emt 00:01:30]} e5 {[%clk 01:10:09]} {[%emt 00:01:17]} 18. Bxd4
{[%clk 00:54:57]} {[%emt 00:01:58]} exd4 {[%clk 01:09:12]} {[%emt 00:01:26]}
19. exf5 {[%clk 00:53:21]} {[%emt 00:02:06]} Rxf5 {[%clk 01:02:26]} {[%emt
00:07:16]} 20. Qe2 {[%clk 00:49:21]} {[%emt 00:04:30]} Qf6 {[%clk 00:55:36]}
{[%emt 00:07:21]} 21. Rbe1 {[%clk 00:48:56]} {[%emt 00:00:55]} Re8 {[%clk
00:55:18]} {[%emt 00:00:48]} 22. Qxe8+ {[%clk 00:42:15]} {[%emt 00:07:11]} Bxe8
{[%clk 00:54:29]} {[%emt 00:01:19]} 23. Rxe8+ {[%clk 00:42:43]} {[%emt
00:00:01]} Bf8 {[%clk 00:50:19]} {[%emt 00:04:41]} 24. Nc7 {[%clk 00:38:25]}
{[%emt 00:04:47]} Qf7 {[%clk 00:44:10]} {[%emt 00:06:40]} 25. Bd5 {[%clk
00:34:56]} {[%emt 00:03:59]} Rxd5 {[%clk 00:44:35]} {[%emt 00:00:05]} 26. Nxd5
{[%clk 00:35:21]} {[%emt 00:00:05]} Kg7 {[%clk 00:45:00]} {[%emt 00:00:05]} 27.
Rfe1 {[%clk 00:32:29]} {[%emt 00:03:21]} Qf5 {[%clk 00:44:52]} {[%emt
00:00:39]} 28. R8e4 {[%clk 00:29:06]} {[%emt 00:03:53]} Qh3 {[%clk 00:44:51]}
{[%emt 00:00:31]} 29. Kg1 {[%clk 00:25:21]} {[%emt 00:04:15]} h5 {[%clk
00:44:39]} {[%emt 00:00:42]} 30. f5 {[%clk 00:25:29]} {[%emt 00:00:21]} Qxf5
{[%clk 00:38:25]} {[%emt 00:06:45]} 31. Rf1 {[%clk 00:25:33]} {[%emt 00:00:25]}
Qg5 {[%clk 00:37:42]} {[%emt 00:01:13]} 32. Nf4 {[%clk 00:24:47]} {[%emt
00:01:16]} Kh7 {[%clk 00:36:54]} {[%emt 00:01:18]} 33. Ne6 {[%clk 00:24:57]}
{[%emt 00:00:20]} Qd2 {[%clk 00:37:06]} {[%emt 00:00:18]} 34. Nxf8+ {[%clk
00:24:48]} {[%emt 00:00:39]} Kg8 {[%clk 00:37:11]} {[%emt 00:00:25]} 35. Re7
{[%clk 00:20:31]} {[%emt 00:04:47]} Qxd3 {[%clk 00:37:06]} {[%emt 00:00:36]}
36. Nd7 {[%clk 00:20:40]} {[%emt 00:00:20]} Qa3 {[%clk 00:37:03]} {[%emt
00:00:33]} 37. Rf8# {[%clk 00:21:02]} {[%emt 00:00:08]} 1-0

[Event "DVM U20 2020"]
[Site "Willingen GER"]
[Date "2021.06.26"]
[Round "5"]
[White "Meiwes, Thore"]
[Black "Waffenschmidt, Lars"]
[Result "1-0"]
[Termination "normal"]
[Board "6.2"]
[WhiteElo "2054"]
[BlackElo "1896"]
[WhiteClock "00:55:30"]
[BlackClock "00:29:31"]
[WhiteTeam "SK Lehrte von 1919 e. V."]
[BlackTeam "SK Bebenhausen 1992"]
[PlyCount "167"]
[WhiteFideId "16201256"]
[BlackFideId "16244656"]
[EventCountry "GER"]
[EventRounds "7"]
[EventType "team-swiss"]
[EventDate "2021.06.23"]

1. d4 {[%clk 01:30:57]} {[%emt 00:00:02]} d5 {[%clk 01:30:36]} {[%emt
00:00:24]} 2. Bf4 {[%clk 01:31:13]} {[%emt 00:00:14]} Nf6 {[%clk 01:30:30]}
{[%emt 00:00:36]} 3. e3 {[%clk 01:31:36]} {[%emt 00:00:07]} e6 {[%clk
01:30:18]} {[%emt 00:00:43]} 4. Nf3 {[%clk 01:31:38]} {[%emt 00:00:27]} Bd6
{[%clk 01:29:57]} {[%emt 00:00:50]} 5. Nbd2 {[%clk 01:31:57]} {[%emt 00:00:12]}
c5 {[%clk 01:30:02]} {[%emt 00:00:25]} 6. Bg3 {[%clk 01:28:34]} {[%emt
00:03:53]} Nc6 {[%clk 01:29:01]} {[%emt 00:01:31]} 7. c3 {[%clk 01:28:54]}
{[%emt 00:00:10]} O-O {[%clk 01:27:59]} {[%emt 00:01:32]} 8. Bd3 {[%clk
01:29:13]} {[%emt 00:00:10]} b6 {[%clk 01:25:14]} {[%emt 00:03:15]} 9. Qe2
{[%clk 01:29:32]} {[%emt 00:00:12]} Bb7 {[%clk 01:24:33]} {[%emt 00:01:11]} 10.
Rd1 {[%clk 01:29:53]} {[%emt 00:00:08]} c4 {[%clk 00:48:57]} {[%emt 00:36:07]}
11. Bb1 {[%clk 01:29:29]} {[%emt 00:00:54]} Ne7 {[%clk 00:41:57]} {[%emt
00:07:31]} 12. Ne5 {[%clk 01:24:00]} {[%emt 00:05:58]} b5 {[%clk 00:37:19]}
{[%emt 00:05:08]} 13. Bh4 {[%clk 01:14:31]} {[%emt 00:09:58]} Nd7 {[%clk
00:24:22]} {[%emt 00:13:28]} 14. f4 {[%clk 01:11:47]} {[%emt 00:03:14]} f6
{[%clk 00:17:28]} {[%emt 00:07:25]} 15. Qg4 {[%clk 01:06:18]} {[%emt 00:05:58]}
f5 {[%clk 00:17:05]} {[%emt 00:00:53]} 16. Qh3 {[%clk 01:04:32]} {[%emt
00:02:16]} Qe8 {[%clk 00:11:10]} {[%emt 00:06:25]} 17. g4 {[%clk 01:02:28]}
{[%emt 00:02:34]} fxg4 {[%clk 00:09:20]} {[%emt 00:02:21]} 18. Qxg4 {[%clk
01:02:33]} {[%emt 00:00:23]} Nf5 {[%clk 00:09:22]} {[%emt 00:00:29]} 19. Rg1
{[%clk 01:01:59]} {[%emt 00:01:03]} g6 {[%clk 00:07:36]} {[%emt 00:02:17]} 20.
Ke2 {[%clk 00:59:53]} {[%emt 00:02:37]} Nxe5 {[%clk 00:05:18]} {[%emt
00:02:48]} 21. fxe5 {[%clk 00:58:01]} {[%emt 00:02:21]} Be7 {[%clk 00:05:36]}
{[%emt 00:00:13]} 22. Bf2 {[%clk 00:54:51]} {[%emt 00:03:38]} Rf7 {[%clk
00:02:41]} {[%emt 00:03:26]} 23. h4 {[%clk 00:51:35]} {[%emt 00:03:46]} Kh8
{[%clk 00:01:42]} {[%emt 00:01:29]} 24. Rdf1 {[%clk 00:44:16]} {[%emt
00:07:49]} Qd7 {[%clk 00:01:04]} {[%emt 00:01:08]} 25. Nf3 {[%clk 00:40:47]}
{[%emt 00:03:58]} Rg8 {[%clk 00:01:17]} {[%emt 00:00:18]} 26. Bg3 {[%clk
00:40:38]} {[%emt 00:00:40]} h6 {[%clk 00:00:35]} {[%emt 00:01:12]} 27. Bf4
{[%clk 00:40:36]} {[%emt 00:00:31]} Kh7 {[%clk 00:00:58]} {[%emt 00:00:08]} 28.
Rh1 {[%clk 00:39:39]} {[%emt 00:01:26]} Kg7 {[%clk 00:00:31]} {[%emt 00:00:58]}
29. Rfg1 {[%clk 00:39:04]} {[%emt 00:01:05]} Kh8 {[%clk 00:00:33]} {[%emt
00:00:28]} 30. Qh3 {[%clk 00:37:12]} {[%emt 00:02:21]} Bf8 {[%clk 00:00:50]}
{[%emt 00:00:13]} 31. Rh2 {[%clk 00:33:40]} {[%emt 00:04:02]} Qe8 {[%clk
00:00:35]} {[%emt 00:00:46]} 32. Rhg2 {[%clk 00:32:19]} {[%emt 00:01:50]} Rh7
{[%clk 00:00:33]} {[%emt 00:00:32]} 33. Bxf5 {[%clk 00:31:54]} {[%emt
00:00:55]} exf5 {[%clk 00:00:52]} {[%emt 00:00:11]} 34. Qxf5 {[%clk 00:32:22]}
{[%emt 00:00:02]} Rf7 {[%clk 00:00:52]} {[%emt 00:00:30]} 35. Qc2 {[%clk
00:32:12]} {[%emt 00:00:40]} Rfg7 {[%clk 00:00:34]} {[%emt 00:00:48]} 36. Bxh6
{[%clk 00:32:30]} {[%emt 00:00:12]} Rh7 {[%clk 00:00:36]} {[%emt 00:00:28]} 37.
Bg5 {[%clk 00:31:08]} {[%emt 00:01:52]} Be7 {[%clk 00:00:32]} {[%emt 00:00:35]}
38. Bxe7 {[%clk 00:30:57]} {[%emt 00:00:40]} Qxe7 {[%clk 00:00:46]} {[%emt
00:00:16]} 39. Rxg6 {[%clk 00:31:13]} {[%emt 00:00:14]} Rf8 {[%clk 00:00:58]}
{[%emt 00:00:18]} 40. R6g3 {[%clk 00:24:50]} {[%emt 00:06:50]} Bc8 {[%clk
00:00:50]} {[%emt 00:00:41]} 41. Qg6 {[%clk 00:24:50]} {[%emt 00:00:29]} Qf7
{[%clk 00:28:08]} {[%emt 00:03:12]} 42. Qf6+ {[%clk 00:47:36]} {[%emt
00:07:45]} Qxf6 {[%clk 00:28:20]} {[%emt 00:00:19]} 43. exf6 {[%clk 00:48:00]}
{[%emt 00:00:06]} Rb7 {[%clk 00:25:22]} {[%emt 00:03:28]} 44. Ne5 {[%clk
00:46:31]} {[%emt 00:01:58]} Bf5 {[%clk 00:24:48]} {[%emt 00:01:04]} 45. f7
{[%clk 00:45:26]} {[%emt 00:01:34]} Rbxf7 {[%clk 00:23:01]} {[%emt 00:02:18]}
46. Nxf7+ {[%clk 00:45:32]} {[%emt 00:00:23]} Rxf7 {[%clk 00:23:20]} {[%emt
00:00:12]} 47. Rf3 {[%clk 00:45:13]} {[%emt 00:00:49]} a5 {[%clk 00:22:47]}
{[%emt 00:01:03]} 48. Rg5 {[%clk 00:45:26]} {[%emt 00:00:16]} Bd3+ {[%clk
00:22:37]} {[%emt 00:00:41]} 49. Kf2 {[%clk 00:45:49]} {[%emt 00:00:06]} Rd7
{[%clk 00:22:45]} {[%emt 00:00:23]} 50. Rf6 {[%clk 00:45:41]} {[%emt 00:00:38]}
b4 {[%clk 00:21:09]} {[%emt 00:02:06]} 51. Rh6+ {[%clk 00:45:50]} {[%emt
00:00:20]} Bh7 {[%clk 00:21:02]} {[%emt 00:00:38]} 52. Rgh5 {[%clk 00:46:09]}
{[%emt 00:00:11]} a4 {[%clk 00:19:55]} {[%emt 00:01:37]} 53. a3 {[%clk
00:46:27]} {[%emt 00:00:13]} b3 {[%clk 00:19:57]} {[%emt 00:00:27]} 54. Kg3
{[%clk 00:46:25]} {[%emt 00:00:13]} Rg7+ {[%clk 00:19:57]} {[%emt 00:00:49]}
55. Kh3 {[%clk 00:46:40]} {[%emt 00:00:11]} Kg8 {[%clk 00:19:44]} {[%emt
00:00:47]} 56. Rxh7 {[%clk 00:47:02]} {[%emt 00:00:08]} Rxh7 {[%clk 00:20:05]}
{[%emt 00:00:09]} 57. Rxh7 {[%clk 00:47:21]} {[%emt 00:00:10]} Kxh7 {[%clk
00:20:30]} {[%emt 00:00:06]} 58. Kg4 {[%clk 00:47:43]} {[%emt 00:00:08]} Kg6
{[%clk 00:20:51]} {[%emt 00:00:09]} 59. h5+ {[%clk 00:47:56]} {[%emt 00:00:17]}
Kh6 {[%clk 00:21:11]} {[%emt 00:00:10]} 60. Kh4 {[%clk 00:47:45]} {[%emt
00:00:41]} Kg7 {[%clk 00:21:29]} {[%emt 00:00:12]} 61. Kg5 {[%clk 00:48:01]}
{[%emt 00:00:14]} Kh7 {[%clk 00:21:43]} {[%emt 00:00:16]} 62. Kf5 {[%clk
00:48:07]} {[%emt 00:00:23]} Kh6 {[%clk 00:22:02]} {[%emt 00:00:12]} 63. Ke5
{[%clk 00:48:30]} {[%emt 00:00:07]} Kxh5 {[%clk 00:22:22]} 64. Kxd5 {[%clk
00:48:55]} {[%emt 00:00:15]} Kg4 {[%clk 00:22:33]} {[%emt 00:00:19]} 65. Kxc4
{[%clk 00:49:18]} {[%emt 00:00:07]} Kf5 {[%clk 00:22:53]} {[%emt 00:00:10]} 66.
Kd3 {[%clk 00:49:36]} {[%emt 00:00:12]} Ke6 {[%clk 00:23:07]} {[%emt 00:00:16]}
67. e4 {[%clk 00:50:00]} {[%emt 00:00:06]} Kd6 {[%clk 00:23:29]} {[%emt
00:00:08]} 68. c4 {[%clk 00:50:22]} {[%emt 00:00:07]} Ke6 {[%clk 00:23:54]}
{[%emt 00:00:06]} 69. c5 {[%clk 00:50:45]} {[%emt 00:00:06]} Kd7 {[%clk
00:24:20]} {[%emt 00:00:05]} 70. d5 {[%clk 00:51:08]} {[%emt 00:00:08]} Ke7
{[%clk 00:24:44]} {[%emt 00:00:05]} 71. e5 {[%clk 00:51:31]} {[%emt 00:00:06]}
Kd7 {[%clk 00:25:09]} {[%emt 00:00:05]} 72. Kd4 {[%clk 00:51:53]} {[%emt
00:00:07]} Kd8 {[%clk 00:25:34]} {[%emt 00:00:06]} 73. c6 {[%clk 00:52:16]}
{[%emt 00:00:07]} Kc7 {[%clk 00:25:59]} {[%emt 00:00:06]} 74. Kc5 {[%clk
00:52:41]} {[%emt 00:00:05]} Kd8 {[%clk 00:26:23]} {[%emt 00:00:07]} 75. Kb6
{[%clk 00:52:58]} {[%emt 00:00:13]} Ke7 {[%clk 00:26:36]} {[%emt 00:00:16]} 76.
c7 {[%clk 00:53:15]} {[%emt 00:00:13]} Kd7 {[%clk 00:26:59]} {[%emt 00:00:08]}
77. Kb7 {[%clk 00:53:37]} {[%emt 00:00:07]} Ke7 {[%clk 00:27:23]} {[%emt
00:00:06]} 78. c8=Q {[%clk 00:53:51]} {[%emt 00:00:17]} Kf7 {[%clk 00:27:48]}
{[%emt 00:00:05]} 79. Qe6 {[%clk 00:54:10]} {[%emt 00:00:10]} Kg7 {[%clk
00:28:08]} {[%emt 00:00:12]} 80. d6 {[%clk 00:54:18]} {[%emt 00:00:21]} Kh7
{[%clk 00:28:25]} {[%emt 00:00:13]} 81. d7 {[%clk 00:54:35]} {[%emt 00:00:14]}
Kg7 {[%clk 00:28:50]} {[%emt 00:00:04]} 82. d8=Q {[%clk 00:54:47]} {[%emt
00:00:15]} Kh7 {[%clk 00:29:14]} {[%emt 00:00:08]} 83. Qdd7 {[%clk 00:55:04]}
{[%emt 00:00:13]} Kh8 {[%clk 00:29:31]} {[%emt 00:00:13]} 84. Qee8+ {[%clk
00:55:30]} {[%emt 00:00:05]} 1-0

[Event "DVM U20 2020"]
[Site "Willingen GER"]
[Date "2021.06.26"]
[Round "5"]
[White "Freiherr von Hauff, Christopher"]
[Black "Reimer, Philip"]
[Result "1/2-1/2"]
[Termination "normal"]
[Board "6.3"]
[WhiteElo "1832"]
[BlackElo "1993"]
[WhiteClock "00:03:21"]
[BlackClock "00:43:21"]
[WhiteTeam "SK Bebenhausen 1992"]
[BlackTeam "SK Lehrte von 1919 e. V."]
[PlyCount "65"]
[WhiteFideId "16200691"]
[BlackFideId "16235860"]
[EventCountry "GER"]
[EventRounds "7"]
[EventType "team-swiss"]
[EventDate "2021.06.23"]

1. e4 {[%clk 01:30:58]} {[%emt 00:00:02]} c5 {[%clk 01:30:55]} {[%emt
00:00:05]} 2. Nf3 {[%clk 01:31:18]} {[%emt 00:00:10]} Nc6 {[%clk 01:31:19]}
{[%emt 00:00:06]} 3. c3 {[%clk 01:31:40]} {[%emt 00:00:09]} d5 {[%clk
01:31:43]} {[%emt 00:00:05]} 4. exd5 {[%clk 01:32:05]} {[%emt 00:00:05]} Qxd5
{[%clk 01:32:09]} {[%emt 00:00:04]} 5. d4 {[%clk 01:32:27]} {[%emt 00:00:10]}
Bf5 {[%clk 01:32:28]} {[%emt 00:00:09]} 6. Be3 {[%clk 01:30:05]} {[%emt
00:02:52]} cxd4 {[%clk 01:32:07]} {[%emt 00:00:51]} 7. cxd4 {[%clk 01:29:09]}
{[%emt 00:01:27]} Bxb1 {[%clk 01:32:20]} {[%emt 00:00:15]} 8. Rxb1 {[%clk
01:26:56]} {[%emt 00:02:44]} e6 {[%clk 01:32:37]} {[%emt 00:00:14]} 9. a3
{[%clk 01:24:26]} {[%emt 00:03:00]} Nf6 {[%clk 01:32:46]} {[%emt 00:00:20]} 10.
Bd3 {[%clk 01:20:42]} {[%emt 00:04:14]} Be7 {[%clk 01:33:14]} {[%emt 00:00:02]}
11. O-O {[%clk 01:20:55]} {[%emt 00:00:17]} O-O {[%clk 01:33:42]} {[%emt
00:00:02]} 12. Qe2 {[%clk 01:19:25]} {[%emt 00:02:01]} Rac8 {[%clk 01:30:06]}
{[%emt 00:04:05]} 13. Rfd1 {[%clk 01:14:12]} {[%emt 00:05:42]} Rfd8 {[%clk
01:29:20]} {[%emt 00:01:17]} 14. Rbc1 {[%clk 01:11:38]} {[%emt 00:03:04]} Qd6
{[%clk 01:24:35]} {[%emt 00:05:16]} 15. Bb1 {[%clk 01:08:35]} {[%emt 00:03:32]}
Nd5 {[%clk 01:18:49]} {[%emt 00:06:16]} 16. Qd3 {[%clk 01:06:12]} {[%emt
00:02:52]} g6 {[%clk 01:19:10]} {[%emt 00:00:10]} 17. Bh6 {[%clk 00:56:29]}
{[%emt 00:10:13]} Bf6 {[%clk 01:16:05]} {[%emt 00:03:36]} 18. Qe4 {[%clk
00:53:19]} {[%emt 00:03:40]} Nce7 {[%clk 01:07:54]} {[%emt 00:08:41]} 19. g4
{[%clk 00:40:00]} {[%emt 00:13:48]} Rxc1 {[%clk 01:02:36]} {[%emt 00:05:48]}
20. Rxc1 {[%clk 00:39:08]} {[%emt 00:01:22]} Qb6 {[%clk 01:00:11]} {[%emt
00:02:55]} 21. b4 {[%clk 00:27:22]} {[%emt 00:12:16]} a5 {[%clk 00:58:14]}
{[%emt 00:02:27]} 22. bxa5 {[%clk 00:24:59]} {[%emt 00:02:53]} Qxa5 {[%clk
00:58:22]} {[%emt 00:00:22]} 23. Ne5 {[%clk 00:18:25]} {[%emt 00:07:04]} Qxa3
{[%clk 00:54:54]} {[%emt 00:03:58]} 24. Re1 {[%clk 00:18:27]} {[%emt 00:00:28]}
b5 {[%clk 00:48:35]} {[%emt 00:06:49]} 25. Nxf7 {[%clk 00:16:31]} {[%emt
00:02:26]} Kxf7 {[%clk 00:45:08]} {[%emt 00:03:57]} 26. Qxe6+ {[%clk 00:16:56]}
{[%emt 00:00:05]} Ke8 {[%clk 00:45:26]} {[%emt 00:00:12]} 27. Qc6+ {[%clk
00:12:00]} {[%emt 00:05:26]} Kf7 {[%clk 00:44:16]} {[%emt 00:01:39]} 28. Qe6+
{[%clk 00:11:53]} {[%emt 00:00:38]} Ke8 {[%clk 00:44:39]} {[%emt 00:00:07]} 29.
Qc6+ {[%clk 00:08:22]} {[%emt 00:04:01]} Rd7 {[%clk 00:44:03]} {[%emt
00:01:06]} 30. Qc8+ {[%clk 00:05:57]} {[%emt 00:02:55]} Rd8 {[%clk 00:42:53]}
{[%emt 00:01:39]} 31. Qc6+ {[%clk 00:05:54]} {[%emt 00:00:34]} Kf7 {[%clk
00:43:01]} {[%emt 00:00:21]} 32. Qe6+ {[%clk 00:03:27]} {[%emt 00:02:58]} Ke8
{[%clk 00:43:21]} {[%emt 00:00:11]} 33. Qc6+ {[%clk 00:03:21]} {[%emt
00:00:36]} 1/2-1/2